| 000 | 00463nam a2200157 i 4500 | ||
|---|---|---|---|
| 001 | 45555 | ||
| 003 | ES-MaACL | ||
| 007 | t| | ||
| 008 | 030326s1953 sp ||||1| spa d | ||
| 100 | 1 |
_aCohen, Samuel. _939513 |
|
| 245 | 1 | 3 |
_aLa puerta secreta / _cSamuel Cohen ; prólogo de Fernando Vela. |
| 260 |
_aSevilla : _b[s.n., _c1953] ( _fImp. C.E.H.A.) |
||
| 300 |
_aXVI, 249 p. ; _c19 cm. |
||
| 700 | 1 |
_aVela, Fernando. _9113674 |
|
| 852 |
_aES-MaACL _jC-8798 _bR.34473 |
||
| 999 |
_c45555 _d45555 |
||